• 首页
  • 本馆介绍
  • 公告通知
  • 最新文献
  • 馆藏检索
  • 电子资源
  • 读者导购
  • 参考咨询
  • 我的图书馆
  • 登录
  • 详细信息显示
  • 放入我的书架
  • 预约/预借图书
  • 作者相关作品
  • 分类相关作品
  • 丛书相关作品
  • 出版社相关作品

书目信息

  • 表格格式
  • 工作单格式
  • 卡片格式
题名:
大学物理手册
    
 
作者: 亚沃尔斯基 著 ;刘云龙 译
分册: 第一分册   经典力学和流体力学
出版信息: 上海   上海翻译出版公司  1985
页数: 176页
开本: 20cm
丛书名:
单 册:
中图分类: O4-62
科图分类:
主题词: 物理学
电子资源:
ISBN:
000 00697nam0 2200217 45
001 0312221749
005 20060727150331.46
010    @dCNY1.20
091    @a13311.7
100    @a20031222d1985 km y0chiy0120 ea
101    @achi@crus
200 1  @a大学物理手册@ADa Xue Wu Li Shou Ce@h第一分册@i经典力学和流体力学@f(苏)B·亚沃尔斯基等著@F(su)B·ya wo er si ji deng zhu@g刘云龙等译
210    @a上海@c上海翻译出版公司@d1985
215    @a176页@d20cm
517    @a经典力学和流体力学@AJing Dian Li Xue He Liu Ti Li Xue
606 0  @a物理学
690    @aO4-62@v3
701 0  @a亚沃尔斯基@Aya wo er si ji@4著
702 0  @a刘云龙@Aliu yun long@4译
801    @aCN@bTSTCL@c20060727
905    @dO4-62@e113:1
    
    大学物理手册.第一分册.经典力学和流体力学/(苏)B·亚沃尔斯基等著/刘云龙等译.-上海:上海翻译出版公司,1985
    176页;20cm
    
    
    ISBN :CNY1.20
    
●
相关链接 在E读中查询图书 在五车中查询图书 在当当中查询图书 在豆瓣中查询图书


正题名:大学物理手册     索取号:O4-62/113:1         预约/预借

序号 登录号 条形码 馆藏地/架位号 状态 备注
1 0131365   202277053   密集书库/ [索取号:O4-62/113:1] 在馆    
2 0131366   202277044   密集书库/ [索取号:O4-62/113:1] 在馆    
3 0131367   202277115   密集书库/ [索取号:O4-62/113:1] 在馆    
4 0131368   202309867   密集书库/ [索取号:O4-62/113:1] 在馆    
5 0131369   000392747   第三借阅区/ [索取号:O4-62/113:1] 在馆    
6 0131370   202328409   密集书库/ [索取号:O4-62/113:1] 在馆    
7 0131371   000773782   密集书库/ [索取号:O4-62/113:1] 在馆    
8 0131372   202328445   密集书库/ [索取号:O4-62/113:1] 在馆    
9 0131373   202328418   密集书库/ [索取号:O4-62/113:1] 在馆    
10 0131374   000392738   第二样本阅览室/ [索取号:O4-62/113:1] 在馆    
11 0433691   204336913   密集书库/ [索取号:O4-62/113:1] 在馆    
唐山师范学院图书馆 欢迎您!
大连网信软件有限公司© 版权所有